Solicitud BIB  |  Agregar a estante electrónico  |  Agregar a la Canasta  |  Localizar  |  Solicitud de PIB  |  Guardar/Enviar por Correo  |  Guardar en el servidor  | 
 

Despliegue completo del registro

Seleccione un formato: Estándar Tarjeta catalográfica Cita bibliográfica Nombre de etiquetas Etiquetas MARC
FMT BK
LDR      nam a22      a 4500
001 NOR01000000000000000024650
003 |a CO-BrUNB
008 950714s1984    ck     f      000 0 spa d
08204 |a CO863.44 |b V434
1001 |a VELASQUEZ, EZEQUIEL
24510 |a GRAN GAMIN / |c EZEQUIEL VELASQUEZ.
260 |a CALI : |b AGRO INDUSTRIAL DE COLOMBIA
300 |a 298 P.
65014 |a Novela colombiana.
CAT |a CNA |b 00 |c 20030718 |l NOR01 |h 1926
CAT |a ORACLE |b 02 |c 20040105 |l NOR01 |h 1908
CAT |a ALEPH14 |b 00 |c 20050719 |l NOR01 |h 1701
CAT |a OOROZCO |b 20 |c 20070522 |l NOR01 |h 1441
CAT |a OOROZCO |b 20 |c 20070522 |l NOR01 |h 1446
CAT |a OOROZCO |b 20 |c 20070522 |l NOR01 |h 1446
CAT |c 20120215 |l NOR01 |h 0613
991 |a AEB
PST1 |0 HOL |1 NOR60-000038057 |n 1 |b CENTR |c LITER |h CO863.44 |i V434 |4 Biblioteca Karl C. Parrish |5 Col. Literatura
SBL |a CENTR
LOC1 |b CENTR |c LITER |h CO863.44 |i V434
SYS 000024650


Finalizar sesión - Preferencias - Comentarios - Ayuda - PIB - Ex Libris - Hojear - Buscar - Lista de resultados - Búsquedas anteriores - Base de datos - Canasta